| 000 | 00419nam a2200169Ia 4500 | ||
|---|---|---|---|
| 008 | 210719s1978 xx 000 0 und d | ||
| 020 | _a08834731127 | ||
| 041 | _aeng | ||
| 082 | _a152.4 POWU | ||
| 100 | _aPOWELL (John) | ||
| 245 | _aUnconditional love. | ||
| 260 |
_aTexas. _bThomas More Division of tabor Publishing., _c1978 |
||
| 300 |
_a124 _bPB |
||
| 365 | _cRs | ||
| 650 | _aPsychology | ||
| 906 | _aEmotions | ||
| 999 |
_c213583 _d213583 |
||